000 01001nam a2200265 c 4500
003 BLK
005 20250724150340.0
008 180410b bul|||||r ||||||| ||bul||
020 _a978-954-26-2392-2
040 _aBLK
041 _aBUL
_cBUL
080 _aБългарска литература
_b821.163.2
_x-312.4
_z821.163.2-312.4
100 1 _aЗарев, Владимир Пантелеев
_eпърви автор
_gПантев, Владимир Пантелеев
_9277642
139 _aЗарев, Владимир Пантелеев
_bЗ 34
245 1 0 _aХрътката
_cВладимир Пантелеев Зарев.
250 _a[2. изд.]
257 _aBGR
260 _bХермес
_c2025
_9209439
_aПловдив
_n978-954-26- ; 978-954-459-
300 _a239 с.
_c21 см
380 _aX
500 _a1. изд. на Хрътката 1987 на изд. Хр. Г. Данов За автора: с. 237-238
856 4 _qpdf
856 4 _qpdf
942 _cKNG
_n0
_022
999 _c547212
_d547212
944 _a30545
_cНора Радева
_k30545
_lНора Радева